000 00701nam a2200265Ia 4500
005 20260121170250.0
008 008 260114s9999 xx 000 0 eng d
020 _a9781137575586
037 _aEBOOK
040 _aCRL
040 _beng
040 _cCRL
041 _2eng
041 _aeng
084 _qCRL
100 _aCassie Smith-Christmas, Noel P. Ó Murchadha, Michael Hornsby, Máiréad Moriarty
_91061791
245 0 _aNew Speakers of Minority Languages
260 _bSpringer
260 _bSpringer
260 _c2018
856 _uhttps://link.springer.com/openurl?genre=book&isbn=978-1-137-57558-6
942 _cEBOOK
999 _c1627520
_d1627520